[Event "138th New York State Ch. U1800"]
[Site "Colonie,NY"]
[Date "2016.09.05"]
[Round "5"]
[White "Steindorf, Monroe L"]
[Black "Varosy, Gyula"]
[Result "0-1"]
[WhiteElo "1621"]
[BlackElo "1642"]
[PlyCount "102"]
[EventDate "2016.09.??"]
[EventRounds "6"]
[EventCountry "USA"]

1. b4 e5 2. Bb2 d6 3. c3 Bf5 4. a3 Nf6 5. Nf3 e4 6. Nd4 Bg6 7. e3 d5 8. c4 Be7
9. cxd5 Nxd5 10. Bc4 O-O 11. Nc3 Nb6 12. Be2 Bf6 13. Nc2 Nc6 14. O-O Nd5 15. f3
exf3 16. Bxf3 Nxc3 17. Bxc3 Bxc3 18. dxc3 Qxd1 19. Bxd1 Rfe8 20. Re1 Rad8 21.
Nd4 Nxd4 22. cxd4 Rxd4 23. exd4 Rxe1+ 24. Kf2 Re7 25. Bf3 c6 26. d5 cxd5 27.
Bxd5 Rc7 28. Bb3 Kf8 29. Re1 Rc3 30. Ba4 f6 31. Re3 Rc7 32. Bb5 Re7 33. g3 a6
34. Rxe7 Kxe7 35. Be2 Be4 36. Bf3 Bxf3 37. Kxf3 Kd6 38. Ke4 b5 39. h3 g6 40. g4
h6 41. h4 Ke6 42. Kf4 g5+ 43. hxg5 hxg5+ 44. Ke4 Kf7 45. Kf5 Ke7 46. Ke4 Ke6
47. Ke3 Ke5 48. Kf3 Kd4 49. Kf2 Ke4 50. Kg3 Ke3 51. Kg2 Kf4 0-1

[Event "138th New York State Ch. U1800"]
[Site "Colonie,NY"]
[Date "2016.09.04"]
[Round "6"]
[White "Lionti, Michael P"]
[Black "Northrup, Cory"]
[Result "1/2-1/2"]
[WhiteElo "1453"]
[BlackElo "1675"]
[PlyCount "115"]
[EventDate "2016.09.??"]
[EventRounds "6"]
[EventCountry "USA"]

1. d4 Nf6 2. c4 e5 3. dxe5 Ng4 4. Nf3 Bc5 5. e3 Nc6 6. e6 fxe6 7. h3 Nf6 8. a3
a5 9. Bd3 O-O 10. O-O Bd6 11. e4 b6 12. Bg5 Bb7 13. Re1 Ne5 14. Nxe5 Bxe5 15.
Nc3 Qe8 16. Qc2 Qg6 17. Be3 Nh5 18. Rf1 Bf4 19. Ne2 Rf7 20. Nxf4 Nxf4 21. Bxf4
Rxf4 22. f3 Raf8 23. e5 Qh6 24. Be4 Bxe4 25. fxe4 Qg5 26. Rxf4 Qxf4 27. Qe2
Qxe5 28. Rd1 Rd8 29. Rd2 d5 30. cxd5 exd5 31. exd5 Rxd5 32. Qxe5 Rxe5 33. Rd7
Rc5 34. Rd2 b5 35. Kf1 b4 36. a4 c6 37. Ke2 Kf8 38. Ke3 Ke7 39. Ke4 Ke6 40. g4
h5 41. gxh5 Rxh5 42. Rc2 Kd6 43. Rd2+ Kc7 44. Rd3 c5 45. Rg3 g5 46. Kf5 Kc6 47.
Kg6 Rh4 48. Kxg5 Rh8 49. Kf5 c4 50. Ke4 Rh4+ 51. Ke3 b3 52. Kd2 Kc5 53. Kc3 Rh5
54. Re3 Kd5 55. Rg3 Kc5 56. Re3 Kd5 57. Rg3 Kc5 58. Re3 1/2-1/2

[Event "138th New York State Ch. U1800"]
[Site "Colonie,NY"]
[Date "2016.09.05"]
[Round "6"]
[White "Murphy, Edward"]
[Black "Dendi, Laxma"]
[Result "1/2-1/2"]
[WhiteElo "1495"]
[BlackElo "1525"]
[PlyCount "45"]
[EventDate "2016.09.??"]
[EventRounds "6"]
[EventCountry "USA"]

1. Nf3 d5 2. g3 Nf6 3. Bg2 g6 4. O-O Bg7 5. d3 O-O 6. Nbd2 c6 7. e4 dxe4 8.
dxe4 Bg4 9. c3 Qd3 10. Ne5 Bxd1 11. Nxd3 Be2 12. Nf4 Bxf1 13. Kxf1 Nbd7 14. Nc4
b5 15. Na5 b4 16. Nxc6 Rfe8 17. Nxb4 e5 18. Nfd3 Rab8 19. Nc6 Rb6 20. Ncxe5
Nxe5 21. Nxe5 Reb8 22. f4 Rd8 23. Ke2 1/2-1/2

[Event "138th New York State Ch. U1500"]
[Site "Colonie,NY"]
[Date "2016.09.03"]
[Round "1"]
[White "Chan, Jaden"]
[Black "Young, Jeffrey A"]
[Result "0-1"]
[WhiteElo "1206"]
[BlackElo "1409"]
[PlyCount "76"]
[EventDate "2016.09.??"]
[EventRounds "6"]
[EventCountry "USA"]

1. d4 d5 2. Nf3 Nf6 3. Bf4 Bf5 4. e3 Nc6 5. c3 e6 6. Qb3 Na5 7. Qd1 c5 8. Bb5+
Nc6 9. Ne5 Rc8 10. Qa4 Qb6 11. b3 a6 12. Be2 Be7 13. Nd2 O-O 14. Ndf3 Ne4 15.
Rc1 f6 16. Nd3 Qd8 17. O-O Bd6 18. Rfe1 Bxf4 19. Nxf4 Qd6 20. h3 e5 21. Nd3
cxd4 22. cxd4 Bd7 23. b4 Nxd4 24. Qd1 Rxc1 25. Qxc1 Nxe2+ 26. Rxe2 Bb5 27. Qd1
Nc3 28. Qd2 Nxe2+ 29. Qxe2 e4 30. Nd2 Bxd3 31. Qg4 Qxb4 32. Nb3 Qe1+ 33. Kh2
Qxf2 34. Qe6+ Kh8 35. Qxd5 f5 36. Qd6 Re8 37. Qd7 Bb5 38. Qxb7 Bf1 0-1

[Event "138th New York State Ch. U1500"]
[Site "Colonie,NY"]
[Date "2016.09.03"]
[Round "1"]
[White "Mack, Tyshaune O"]
[Black "Chang, Conan Y"]
[Result "1-0"]
[WhiteElo "1376"]
[BlackElo "1202"]
[PlyCount "55"]
[EventDate "2016.09.??"]
[EventRounds "6"]
[EventCountry "USA"]

1. d4 d5 2. Bf4 Nf6 3. e3 e6 4. Bd3 Bd6 5. Bxd6 cxd6 6. f4 Nc6 7. Nf3 O-O 8. c3
h6 9. Nbd2 Qc7 10. O-O e5 11. Bb5 e4 12. Ne1 Ne7 13. Rc1 Nf5 14. Qe2 a6 15. Ba4
Qa5 16. Bb3 Bd7 17. g4 Nxg4 18. Qxg4 Nxd4 19. Qxd7 Ne2+ 20. Kh1 Nxc1 21. Rg1
Nxa2 22. Qxd6 Kh7 23. Bxd5 Rad8 24. Bxe4+ Kh8 25. Qe7 Qh5 26. Nef3 Rde8 27. Qa3
Rxe4 28. Qxf8+ 1-0

[Event "138th New York State Ch. U1500"]
[Site "Colonie,NY"]
[Date "2016.09.03"]
[Round "2"]
[White "Clark, Brian A"]
[Black "Chang, Conan Y"]
[Result "1-0"]
[WhiteElo "1393"]
[BlackElo "1202"]
[PlyCount "63"]
[EventDate "2016.09.??"]
[EventRounds "6"]
[EventCountry "USA"]

1. e4 e5 2. Nf3 Nc6 3. Bb5 Nf6 4. O-O a6 5. Ba4 b5 6. Bb3 Bc5 7. d3 O-O 8. Bg5
d6 9. Nbd2 a5 10. Re1 a4 11. Bd5 Bd7 12. Nf1 h6 13. Bh4 g5 14. Bg3 Nxd5 15.
exd5 Ne7 16. c4 b4 17. h3 Nf5 18. Bh2 c6 19. dxc6 Bxc6 20. Rc1 Qb6 21. Qe2 Nd4
22. Nxd4 Bxd4 23. Ng3 Qb7 24. Ne4 d5 25. Nd6 Qb6 26. Bxe5 Bxe5 27. Qxe5 dxc4
28. dxc4 Rad8 29. c5 Qb8 30. Qf6 Qa8 31. g3 Kh7 32. Nf5 1-0

[Event "138th New York State Ch. U1500"]
[Site "Colonie,NY"]
[Date "2016.09.03"]
[Round "2"]
[White "Young, Jeffrey A"]
[Black "Mustafa, Siraat"]
[Result "1/2-1/2"]
[WhiteElo "1206"]
[BlackElo "1497"]
[PlyCount "56"]
[EventDate "2016.09.??"]
[EventRounds "6"]
[EventCountry "USA"]

1. e4 d6 2. d4 Nf6 3. Nc3 g6 4. Nf3 Bg7 5. Bc4 O-O 6. O-O e5 7. h3 Nc6 8. Be3
Kh8 9. Re1 Ng8 10. Ng5 Nh6 11. dxe5 Nxe5 12. Bb3 Bf6 13. f4 Bxg5 14. fxg5 Ng8
15. Rf1 Be6 16. Bxe6 fxe6 17. h4 Ne7 18. b4 Qd7 19. Qe2 Kg8 20. b5 Rae8 21. Bd4
Nf7 22. Bf6 c6 23. Rf3 e5 24. Rh3 h6 25. Rf1 h5 26. Qf2 Nd8 27. Rf3 Ne6 28. Ne2
Qc7 1/2-1/2

[Event "138th New York State Ch. U1500"]
[Site "Colonie,NY"]
[Date "2016.09.04"]
[Round "3"]
[White "Young, Jeffrey A"]
[Black "Snow, Clyde"]
[Result "1-0"]
[WhiteElo "1409"]
[BlackElo "1432"]
[PlyCount "43"]
[EventDate "2016.09.??"]
[EventRounds "6"]
[EventCountry "USA"]

1. e4 c5 2. d4 cxd4 3. c3 d3 4. Bxd3 Nc6 5. Nf3 d6 6. O-O h6 7. Be3 Nf6 8. Nbd2
e6 9. b4 Ng4 10. Bf4 e5 11. Bg3 Be7 12. Nc4 O-O 13. h3 Nf6 14. Qa4 Qc7 15. b5
Nd8 16. Rac1 b6 17. Ne3 Nb7 18. Nd5 Nxd5 19. exd5 Nc5 20. Qc4 f5 21. Nxe5 Kh8
22. Ng6+ 1-0

[Event "138th New York State Ch. U1500"]
[Site "Colonie,NY"]
[Date "2016.09.04"]
[Round "4"]
[White "Agron, Dmitry"]
[Black "Young, Jeffrey A"]
[Result "1-0"]
[WhiteElo "1382"]
[BlackElo "1409"]
[PlyCount "51"]
[EventDate "2016.09.??"]
[EventRounds "6"]
[EventCountry "USA"]

1. e4 e5 2. Nf3 Nf6 3. Nxe5 d6 4. Nf3 Nxe4 5. d4 d5 6. Bd3 Be7 7. Nbd2 Ng5 8.
Ne5 Nd7 9. f4 Nxe5 10. fxe5 O-O 11. Qh5 g6 12. Qh6 Ne6 13. Nf3 Re8 14. h4 Bf8
15. Qd2 a5 16. O-O Nxd4 17. Nxd4 Qxh4 18. Qf4 Qxf4 19. Bxf4 Bd7 20. Nb5 Bc5+
21. Kh2 Bb6 22. Rae1 a4 23. c3 Ra5 24. e6 Bxb5 25. exf7+ Kxf7 26. Bh6+ 1-0

[Event "138th New York State Ch. U1500"]
[Site "Colonie,NY"]
[Date "2016.09.04"]
[Round "4"]
[White "Pike, Daniel J"]
[Black "Izmaylov, Max"]
[Result "1-0"]
[WhiteElo "1297"]
[BlackElo "1436"]
[PlyCount "105"]
[EventDate "2016.09.??"]
[EventRounds "6"]
[EventCountry "USA"]

1. c4 e6 2. g3 Nc6 3. Bg2 b6 4. Nc3 Bb7 5. e4 Qf6 6. Nge2 Ne5 7. d4 Nf3+ 8. Kf1
Bb4 9. Qd3 Bxc3 10. bxc3 Ng5 11. Bxg5 Qxg5 12. f4 Qa5 13. e5 Qa6 14. Bxb7 Qxb7
15. Kf2 Nh6 16. Qf3 Qxf3+ 17. Kxf3 O-O 18. g4 Kh8 19. Ng3 g6 20. g5 Ng8 21. Ne4
Rfd8 22. h4 Kg7 23. h5 Kf8 24. hxg6 hxg6 25. Rh2 Ke7 26. Rah1 d5 27. cxd5 exd5
28. Nf6 Nxf6 29. exf6+ Kd6 30. Re1 Re8 31. Rhe2 Rh8 32. Kg3 Rh7 33. Rh2 Rxh2
34. Kxh2 Rf8 35. Kg3 a5 36. Kg4 c5 37. f5 gxf5+ 38. Kxf5 c4 39. a4 Kc6 40. Re6+
fxe6+ 41. Kxe6 b5 42. axb5+ Kxb5 43. g6 a4 44. g7 Re8+ 45. Kd7 a3 46. Kxe8 a2
47. g8=Q a1=Q 48. Qxd5+ Kb6 49. Qc5+ Kb7 50. Qb4+ Kc6 51. Qxc4+ Kd6 52. Qc5+
Ke6 53. Qe5# 1-0

[Event "138th New York State Ch. U1500"]
[Site "Colonie,NY"]
[Date "2016.09.05"]
[Round "5"]
[White "Young, Jeffrey A"]
[Black "Louzons, John"]
[Result "1-0"]
[WhiteElo "1409"]
[BlackElo "1356"]
[PlyCount "59"]
[EventDate "2016.09.??"]
[EventRounds "6"]
[EventCountry "USA"]

1. e4 e6 2. d4 d5 3. e5 c5 4. c3 Qb6 5. Nf3 Nc6 6. Bd3 Bd7 7. Bc2 f6 8. O-O Qc7
9. exf6 Nxf6 10. Bg5 Be7 11. Bxf6 Bxf6 12. dxc5 Ne5 13. Nbd2 Qxc5 14. Nb3 Qc7
15. Re1 O-O 16. Nbd4 a5 17. Nxe5 Bxe5 18. Qh5 g6 19. Qxe5 Qb6 20. Nxe6 Qxf2+
21. Kh1 Bxe6 22. Qxe6+ Rf7 23. Rf1 Ra6 24. Qxd5 Rd6 25. Qxf7+ Qxf7 26. Bb3 Qxb3
27. axb3 Rb6 28. Rxa5 Rxb3 29. Rf2 b5 30. Ra7 1-0

[Event "138th New York State Ch. U1200"]
[Site "Colonie,NY"]
[Date "2016.09.04"]
[Round "1"]
[White "Solomon, Nat"]
[Black "Femia, John G"]
[Result "0-1"]
[WhiteElo "876"]
[BlackElo "1147"]
[PlyCount "61"]
[EventDate "2016.09.??"]
[EventRounds "6"]
[EventCountry "USA"]

1. e4 e5 2. Nf3 d6 3. Bc4 Bg4 4. h3 Bxf3 5. Qxf3 Qf6 6. Qb3 b6 7. Bb5+ Nd7 8.
Bc6 Rd8 9. Nc3 Ne7 10. Qb5 g6 11. O-O Bh6 12. d3 Bxc1 13. Raxc1 Qe6 14. Nd5
Nxd5 15. exd5 Qe7 16. Rfe1 O-O 17. Re4 f5 18. Re3 f4 19. Re4 Nc5 20. Ree1 a6
21. Qc4 Qg7 22. b4 b5 23. Qc3 Na4 24. Qb3 f3 25. g3 h5 26. h4 g5 27. Re4 gxh4
28. Rxh4 Rf5 29. Re1 Rg5 30. Kh2 Qg6 31. Re3 0-1

[Event "138th New York State Ch. U1200"]
[Site "Colonie,NY"]
[Date "2016.09.04"]
[Round "2"]
[White "Femia, John G"]
[Black "Durgee, Kevin P"]
[Result "1-0"]
[WhiteElo "1147"]
[BlackElo "677"]
[PlyCount "79"]
[EventDate "2016.09.??"]
[EventRounds "6"]
[EventCountry "USA"]

1. d4 Nf6 2. Nc3 g6 3. e3 Bg7 4. Be2 O-O 5. Nf3 d6 6. b3 Nfd7 7. O-O e5 8. dxe5
Nxe5 9. Nxe5 Bxe5 10. Qe1 Qf6 11. Bb2 Qg5 12. f4 Bxc3 13. Bxc3 Qe7 14. Qd2 Nc6
15. Bf3 Bd7 16. Bxc6 Bxc6 17. Qd4 f6 18. Qc4+ Rf7 19. Qd4 b6 20. Rf2 Re8 21.
Rf3 Qe4 22. Qxe4 Rxe4 23. Bd4 Bd7 24. c4 c5 25. Bc3 Kg7 26. h3 Rfe7 27. Re1 h6
28. Rg3 Be6 29. h4 d5 30. cxd5 Bxd5 31. Kf2 Kf7 32. Rd1 Bb7 33. Rd6 R7e6 34.
Rd7+ Ke8 35. Rxb7 c4 36. Bd4 cxb3 37. axb3 Rc6 38. Rxg6 Rc2+ 39. Kf3 Re6 40.
Rg8# 1-0

[Event "138th New York State Ch. U1200"]
[Site "Colonie,NY"]
[Date "2016.09.04"]
[Round "3"]
[White "Patni, Pari"]
[Black "Danko, Steven"]
[Result "0-1"]
[WhiteElo "792"]
[BlackElo "1111"]
[PlyCount "110"]
[EventDate "2016.09.??"]
[EventRounds "6"]
[EventCountry "USA"]

1. c4 e5 2. Nc3 Nc6 3. g3 d6 4. Bg2 Nf6 5. d3 Be7 6. Nd5 Nxd5 7. Bxd5 Bf6 8. e3
O-O 9. Bg2 Rb8 10. Ne2 Bg4 11. O-O Re8 12. Bd2 Qc8 13. Bh1 Ne7 14. Bc3 c6 15.
d4 Rd8 16. Qd3 Bf5 17. Qd2 b6 18. e4 Bg6 19. Rac1 c5 20. d5 b5 21. Rb1 b4 22.
b3 bxc3 23. Nxc3 a6 24. Qd3 Kh8 25. Rbe1 Ng8 26. Re3 Bg5 27. Rf3 Bh5 28. Rf5 f6
29. Nd1 g6 30. Rxg5 fxg5 31. Qd2 Bxd1 32. Rxd1 h6 33. Bg2 Ne7 34. Re1 Rf8 35.
Re3 Qb7 36. g4 Qc8 37. Rg3 Rf4 38. f3 Qd7 39. Rh3 Ng8 40. Bf1 Rbf8 41. Be2 Kg7
42. Qe3 h5 43. Rg3 h4 44. Rg2 Qb7 45. Bd1 Qb4 46. Rd2 Qa3 47. h3 Qc1 48. Kh2
Nf6 49. Be2 Qe1 50. Kg2 Qg3+ 51. Kf1 Qxh3+ 52. Ke1 Qh1+ 53. Bf1 Rxf3 54. Rh2
Rxe3+ 55. Kf2 Nxg4# 0-1

[Event "138th New York State Ch. U1200"]
[Site "Colonie,NY"]
[Date "2016.09.04"]
[Round "4"]
[White "Femia, John G"]
[Black "Shum, Jayden"]
[Result "1-0"]
[WhiteElo "1147"]
[BlackElo "1183"]
[PlyCount "105"]
[EventDate "2016.09.??"]
[EventRounds "6"]
[EventCountry "USA"]

1. d4 Nf6 2. e3 d5 3. Nc3 Bf5 4. Bd3 e6 5. Bxf5 exf5 6. Nf3 Bb4 7. Bd2 O-O 8.
a3 Bd6 9. Nb5 Qd7 10. Nxd6 Qxd6 11. Bb4 Qe6 12. Bxf8 Kxf8 13. O-O Qe4 14. Ne5
Nbd7 15. Nxd7+ Nxd7 16. Qd2 Re8 17. Rae1 Re6 18. f3 Qh4 19. Qf2 Qg5 20. f4 Qg4
21. Qf3 Qh4 22. Qf2 Qg4 23. h3 Qh5 24. Qe2 Qh4 25. Rf3 Nf6 26. Qf2 Qh6 27. Qd2
Ne4 28. Qb4+ Nd6 29. Qc5 c6 30. Qxa7 Qh4 31. Re2 Ne4 32. Kh2 Rg6 33. Qb8+ Ke7
34. Qxb7+ Kf8 35. Qc8+ Ke7 36. Qc7+ Ke8 37. Qe5+ Kd8 38. Qb8+ Ke7 39. Qb4+ Ke8
40. Qe1 Qh5 41. a4 c5 42. dxc5 Nxc5 43. a5 Ra6 44. b4 Nb7 45. Rd2 Rc6 46. b5
Rc5 47. a6 Rxb5 48. axb7 Rxb7 49. Rxd5 Rb8 50. Rd2 Qg6 51. Qa1 Rb7 52. Rg3 Qb6
53. Qxg7 1-0

[Event "138th New York State Ch. U1200"]
[Site "Colonie,NY"]
[Date "2016.09.04"]
[Round "4"]
[White "Solomon, Nat"]
[Black "Ramesh, Achutha"]
[Result "0-1"]
[WhiteElo "876"]
[BlackElo "1106"]
[PlyCount "66"]
[EventDate "2016.09.??"]
[EventRounds "6"]
[EventCountry "USA"]

1. e4 c5 2. b3 Nc6 3. Bb2 e5 4. Nf3 d6 5. Bb5 Bd7 6. Nc3 a6 7. Bxc6 Bxc6 8. Qe2
Nf6 9. O-O-O Be7 10. Ng5 h6 11. Nf3 O-O 12. h3 b5 13. d3 b4 14. Nb1 a5 15. Nfd2
a4 16. bxa4 Rxa4 17. a3 bxa3 18. Nxa3 Qa8 19. Nac4 Qa6 20. g3 Bb5 21. f4 Bxc4
22. Nxc4 exf4 23. gxf4 Re8 24. Rdg1 g6 25. h4 Kh7 26. f5 Rg8 27. fxg6+ fxg6 28.
e5 dxe5 29. Nxe5 Nd5 30. h5 Bg5+ 31. Kb1 Qb6 32. hxg6+ Rxg6 33. Nxg6 Ra1+ 0-1

[Event "138th New York State Ch. U1200"]
[Site "Colonie,NY"]
[Date "2016.09.05"]
[Round "5"]
[White "Ramesh, Achutha"]
[Black "Femia, John G"]
[Result "1-0"]
[WhiteElo "1106"]
[BlackElo "1147"]
[PlyCount "107"]
[EventDate "2016.09.??"]
[EventRounds "6"]
[EventCountry "USA"]

1. e4 e5 2. Nf3 d6 3. Nc3 Nf6 4. h3 g6 5. Be2 Bh6 6. g4 Bg7 7. d3 Be6 8. Ng5
Qd7 9. Nxe6 Qxe6 10. Be3 c6 11. Qd2 Nbd7 12. O-O-O Ng8 13. d4 Qe7 14. dxe5 dxe5
15. g5 b6 16. Bg4 O-O-O 17. Qd3 h6 18. Qa6+ Kb8 19. a4 h5 20. Bxd7 Rxd7 21.
Bxb6 axb6 22. Qxb6+ Kc8 23. Qxc6+ Kd8 24. Nd5 Qxg5+ 25. f4 Qxf4+ 26. Nxf4 Nf6
27. Nd5 Nxd5 28. Rxd5 Rxd5 29. Qxd5+ Ke7 30. Rf1 Bh6+ 31. Kb1 Bf4 32. Rd1 Kf8
33. Qd6+ Kg7 34. Qe7 Rf8 35. Rd7 g5 36. Rd6 Kg8 37. a5 g4 38. hxg4 hxg4 39. b3
g3 40. Rd1 Kg7 41. Rg1 Rh8 42. Rxg3+ Bxg3 43. Qg5+ Kf8 44. Qxg3 Ke7 45. b4 Rc8
46. b5 Rc4 47. Qd3 Rb4+ 48. Kc1 Ra4 49. a6 Ra1+ 50. Kd2 Ra2 51. b6 Rb2 52. a7
Rxb6 53. a8=Q Re6 54. Qf3 1-0

[Event "138th New York State Ch. U1200"]
[Site "Colonie,NY"]
[Date "2016.09.05"]
[Round "5"]
[White "Murphy, Luke"]
[Black "Solomon, Nat"]
[Result "0-1"]
[WhiteElo "663"]
[BlackElo "876"]
[PlyCount "62"]
[EventDate "2016.09.??"]
[EventRounds "6"]
[EventCountry "USA"]

1. d4 Nf6 2. Nc3 Nc6 3. e4 d6 4. Bb5 Bd7 5. Bf4 e5 6. dxe5 Nxe5 7. Bxe5 dxe5 8.
Nf3 Bb4 9. Nxe5 Bxc3+ 10. bxc3 Bxb5 11. Rb1 a6 12. c4 Bc6 13. f3 Qe7 14. Qd4
Rd8 15. Nxc6 bxc6 16. Qa7 O-O 17. O-O Ra8 18. Qb7 Qd7 19. Qb4 g6 20. g4 Rfe8
21. Qc3 Qe6 22. h4 h5 23. Rb2 hxg4 24. fxg4 Qxg4+ 25. Kh1 Qxh4+ 26. Kg1 Nxe4
27. Qf3 Qg5+ 28. Kh2 Qh4+ 29. Kg2 Ng5 30. Qxc6 Re2+ 31. Kg1 Qh2# 0-1